| 000 | 00610nam a2200241Ia 4500 | ||
|---|---|---|---|
| 003 | 0100 | ||
| 008 | 130303s9999 xx 000 0 und d | ||
| 020 | _a0521480558 | ||
| 040 | _cARRUPELIB | ||
| 050 | _aBJ1451.F57 1997 | ||
| 100 | _aFischer, John Martin | ||
| 245 | _aResponsibility and control | ||
| 245 | _ba theory of moral responsibility | ||
| 260 | _aCambridge | ||
| 260 | _bCambridge University Press | ||
| 260 | _C1997 | ||
| 300 | _aviii | ||
| 300 | _b 277 p. 24 cm | ||
| 440 | _aCambridge studies in philosophy and law | ||
| 650 | _aETHICS | ||
| 700 | _aRavizza, Mark | ||
| 942 | 0 | 0 | _02 |
| 999 |
_c13110 _d13110 |
||